000 00719nam a2200205Ia 4500
003 GCL
008 140319s9999 xx 000 0 ara d
020 _a6236939960
040 _aGCL /
_cGCL
082 0 4 _a915.31
_bن ر
100 1 _aناكانو،ايجيرو
245 1 0 _aالرحلة اليابانية الى الجزيرة العربية 1358هـ \ 1939م /
_cناكانو،ايجيرو
250 _aالثانية
260 _aالرياض :
_bدارة الملك عبد العزيز ،
_c1999
300 _a189ص ؛
_c24 سم
650 0 4 _aالعالم العربى
650 0 4 _aالسعودية - وصف ورحلات
650 0 4 _aالعالم العربى - وصف ورحلات
942 _2ddc
_cBK
999 _c7096
_d7096